000 00775nam a2200289Ia 4500
005 20260324112255.0
008 008 260324s9999 xx 000 0 eng d
020 _a9781003285779
037 _aEBOOK
040 _aCRL
040 _beng
040 _cCRL
041 _2eng
041 _aeng
084 _qCRL
100 _aChengzhi Chu; Phyllis N. Zhang; Matthew D. Coss
_91142009
245 0 _aTransforming Hanzi Pedagogy in the Digital Age: Theory, Research, and Practice
245 0 _b电写时代的汉字教学: 理论与实践
260 _bTaylor and Francis
260 _c2024
365 _a
365 _b230
856 _uhttp://www.taylorfrancis.com/books/9781003285779
942 _cEBOOK
999 _c1731157
_d1731157